00330nam a2200121Ia 4500008004100000041000800041082001200049100002200061245004300083260004100126300003000167365001100197240624s9999 xx 000 0 und d aeng a340 MAL aMALIK KRISHNA PAL aLAW AND SOCIAL TRANSFORMATION IN INDIA c2012aFaridabadbAllahabd Law Agency axl, : 572 : p. : cm. ; 23 cRSb15